[Event "23rd ETCC Open 2021"]
[Site "Catez"]
[Date "2021.11.13"]
[Round "2.32"]
[White "Gledura, Benjamin"]
[Black "Janzelj, Tim"]
[Result "1-0"]
[WhiteElo "2635"]
[BlackElo "2474"]
[Annotator "TA"]
[PlyCount "117"]
[EventDate "2021.11.08"]
[EventType "team-tourn"]
[EventCountry "SLO"]
[SourceTitle "playchess.com"]
[Source "ChessBase"]
[SourceQuality "1"]
[WhiteTeam "Hungary"]
[BlackTeam "Slovenia"]
[WhiteTeamCountry "HUN"]
[BlackTeamCountry "SLO"]

{[%evp 12,117,16,18,14,0,0,0,0,4,0,0,0,0,0,0,0,0,19,0,0,0,23,0,0,0,0,-24,-2,
-16,28,0,-6,-12,-16,-2,28,21,21,21,21,29,64,62,58,63,58,52,71,64,74,72,91,91,
98,98,98,98,98,98,98,98,117,120,191,186,193,168,289,282,275,275,268,254,244,
313,397,365,390,380,347,363,343,343,328,320,295,279,276,245,230,228,217,206,
407,396,388,370,896,814,1506,1402,1291,1264,29983,29984,29984,29985]} 1. d4 d5
2. c4 e6 3. Nc3 Nf6 4. cxd5 Nxd5 5. e4 Nxc3 6. bxc3 c5 7. Rb1 $1 {[%mdl 4] is
now more promising than 7.Nf3.} Be7 {D35: Queen's Gambit Declined: Exchange
Variation.} 8. Nf3 O-O 9. Bc4 Nc6 {The position is equal.} 10. O-O b6 11. Bb2
$5 {[%mdl 4] Leaves trodden paths.} Bb7 12. Qe2 Qc7 {[#]} 13. Rfe1 $146 ({
Predecessor:} 13. Rbc1 Rfd8 14. Rfd1 Rac8 15. Qe3 h6 16. h4 Na5 17. Bd3 Qb8 18.
h5 cxd4 19. cxd4 Rxc1 20. Rxc1 {1/2-1/2 (86) Nikolov,M (2549)-Stoyanov,T (2389)
Primorsko 2020}) 13... Na5 14. Bd3 Rac8 15. h4 h6 16. h5 Qf4 17. Ne5 {[#] g3
is the strong threat.} Bd6 18. g3 Qg5 19. Bc1 Qe7 20. Ng4 f6 21. Ne3 cxd4 22.
cxd4 Nc6 23. Nc2 f5 (23... Kh8 {keeps more tension.} 24. Bb2 Nb4 25. Nxb4 Bxb4
26. Rec1 Ba3) 24. exf5 exf5 25. Qxe7 Nxe7 26. Bf4 Bxf4 27. Rxe7 Be4 28. Bxe4
fxe4 29. Ne1 $1 Bd2 30. Rxe4 Rc4 31. Kg2 Bxe1 32. Rbxe1 $16 {[%mdl 4096]
Endgame KRR-KRR} Rd8 33. Re7 Rcxd4 34. Rxa7 {Hoping for Ree7.} R4d7 35. Ra6 Rb8
36. Re2 Rd5 37. g4 Ra5 (37... Rd7 $16 {might work better.} 38. Ra4 Rc7) 38.
Rxa5 $18 bxa5 {KR-KR} 39. Kf3 Rb4 (39... Rf8+ {was necessary.} 40. Kg3 Rc8) 40.
Re4 {Black must now prevent Rxb4.} Rb2 41. a4 Ra2 42. Rf4 g5 43. hxg6 Kg7 44.
Re4 Kxg6 45. Kg3 Ra3+ 46. f3 Kf6 47. Rf4+ Kg6 48. Rd4 Kf6 49. Kf4 Ke6 50. Re4+
Kf6 {[#]} 51. Rc4 $1 Ra1 52. Ke4 Re1+ $2 (52... Ra3 53. f4 Ra1) 53. Kd5 Re3 54.
Rf4+ Kg5 $2 (54... Kg7 55. Kc4 Re5) 55. Rf5+ Kh4 56. Kc4 Kg3 57. Kb5 Rxf3 58.
Rxf3+ Kxf3 59. Kxa5 {Weighted Error Value: White=0.03/Black=0.32} 1-0

[Event "23rd ETCC Open 2021"]
[Site "Catez"]
[Date "2021.11.13"]
[Round "2.33"]
[White "Sargissian, Gabriel"]
[Black "Christiansen, Johan-Sebastian"]
[Result "1-0"]
[WhiteElo "2664"]
[BlackElo "2582"]
[Annotator "TA"]
[PlyCount "71"]
[EventDate "2021.11.08"]
[EventType "team-tourn"]
[EventCountry "SLO"]
[SourceTitle "playchess.com"]
[Source "ChessBase"]
[SourceQuality "1"]
[WhiteTeam "Armenia"]
[BlackTeam "Norway"]
[WhiteTeamCountry "ARM"]
[BlackTeamCountry "NOR"]

{[%evp 19,71,30,68,80,47,0,0,0,16,0,8,0,2,-6,-2,-12,-12,-12,-16,-23,-13,-12,
-13,-15,-10,-31,-43,-37,-38,-56,0,0,37,31,219,211,217,214,256,263,291,291,2128,
1737,1789,1289,29949,5612,29977,29978,29978,29979,29975,29975]} 1. d4 Nf6 2.
Nf3 g6 3. c4 Bg7 4. Nc3 O-O 5. e4 d6 6. Be2 e5 7. O-O exd4 8. Nxd4 Re8 9. f3 c6
10. Kh1 d5 11. cxd5 {E94: King's Indian: Classical: 6 Be2 e5 7 0-0: Various
Black 7th moves.} cxd5 {[#]} 12. Bf4 $1 $146 {[%mdl 8] An important novelty.} (
{Predecessor:} 12. Bg5 Nc6 13. Bb5 h6 14. Bh4 Qb6 15. Nxc6 bxc6 16. Bxf6 Bxf6
17. Nxd5 cxd5 18. Bxe8 Bb7 {1-0 (29) So,W (2772)-Van Foreest,J (2688) chess24.
com INT 2021}) 12... Nc6 {[%cal Rf6e4]} 13. Ndb5 {[%cal Rc3d5] The position is
equal.} d4 14. Nd5 Nxd5 15. exd5 Ne7 {[%cal Re7d5]} 16. Bc4 {Black must now
prevent Nc7.} Nf5 $1 (16... Nxd5 $6 17. Bxd5 Qxd5 18. Nc7 $16) 17. Nc7 {[#]}
Bh6 $1 {[%cal Rh6f4]} 18. Bxh6 (18. Nxe8 Bxf4 19. g3 Be5 $19) 18... Qxc7 19.
Rc1 {next Bb5 is good for White.} Nxh6 20. Bb5 Qd8 {Hoping for ...Re5.} 21.
Bxe8 Qxe8 22. Re1 Qd8 23. Qxd4 Nf5 24. Qf4 h5 (24... b6 $15) 25. Qc7 $11 Qd7
26. d6 {Threatens to win with Re7!} a5 $2 {[#] This move loses the game for
Black.} ({Don't blunder} 26... Nxd6 $2 27. Red1 $18) (26... Kh7 $1 $14) 27. Re7
$1 $18 {[%cal Re7d7][%mdl 512]} Qxc7 ({Wrong is} 27... Nxe7 $2 28. dxe7 Qe8 29.
Rd1 $18) 28. Re8+ Kg7 29. dxc7 ({Stronger than} 29. Rxc7 Nxd6 30. Rd8 Ra6 $15)
29... f6 30. Rce1 Kf7 $2 (30... h4 31. Kg1 g5) 31. g4 hxg4 32. fxg4 b5 33. gxf5
{[%csl Ge8][%cal Re1e7]} Bb7+ 34. Kg1 {[%csl Ge8][%cal Re1e7] White mates.}
Rxe8 35. fxg6+ Kf8 36. g7+ $1 {Weighted Error Value: White=0.04/Black=0.58} 1-0

[Event "23rd ETCC Open 2021"]
[Site "Catez"]
[Date "2021.11.13"]
[Round "2.34"]
[White "Urkedal, Frode Olav Olsen"]
[Black "Hovhannisyan, Robert"]
[Result "1/2-1/2"]
[WhiteElo "2569"]
[BlackElo "2622"]
[Annotator "TA"]
[PlyCount "143"]
[EventDate "2021.11.08"]
[EventType "team-tourn"]
[EventCountry "SLO"]
[SourceTitle "playchess.com"]
[Source "ChessBase"]
[SourceQuality "1"]
[WhiteTeam "Norway"]
[BlackTeam "Armenia"]
[WhiteTeamCountry "NOR"]
[BlackTeamCountry "ARM"]

{[%evp 18,143,34,27,24,23,24,24,22,18,25,20,24,19,42,30,42,34,41,52,77,72,72,
72,78,72,88,88,88,81,76,79,107,102,102,106,103,96,119,115,118,25,44,35,31,25,
30,27,42,43,63,43,43,28,30,28,50,47,41,18,22,21,30,0,0,0,0,0,0,0,8,0,0,0,0,0,0,
0,0,0,0,0,0,0,0,0,0,0,0,0,0,0,0,0,0,0,0,0,8,0,0,0,0,0,0,0,0,0,0,0,0,0,0,0,0,0,
0,0,0,0,0,0,0,0,0,0,0,0]} 1. d4 d5 2. c4 e6 3. Nc3 Nf6 4. cxd5 exd5 5. Bg5 c6
6. e3 Bf5 7. Qf3 Bg6 8. Bxf6 Qxf6 9. Qxf6 gxf6 10. h4 h5 $1 {10...h5 is better
than 10...Nd7. D35: Queen's Gambit Declined: Exchange Variation.} 11. Nh3 Bd6
12. O-O-O Nd7 {White has an edge.} 13. Bd3 Nb6 14. Ne2 {[#]} Kd7 $146 ({
Predecessor:} 14... Bxd3 15. Rxd3 Kd7 16. Nhf4 Nc4 17. Rdd1 Rag8 18. g3 Bxf4
19. Nxf4 Nd6 20. Nd3 Ne4 {1/2-1/2 (43) Koczo,K (2161)-Inskeep,B Budapest 2006})
15. Nhf4 Rhg8 16. Rhg1 Nc8 17. Bxg6 fxg6 18. g4 $1 hxg4 19. Rxg4 g5 {[#]} 20.
Rdg1 $1 {[%cal Rh4g5]} Be7 21. hxg5 Rxg5 22. Rxg5 fxg5 23. Nh3 Nd6 24. Nxg5 Rh8
25. Nf3 Bf6 26. Nf4 Ne4 27. Nd3 Rh3 28. Nfe5+ Kc7 29. f3 (29. Kd1 $16) 29...
Bxe5 $11 30. Nxe5 {[%mdl 4096] Endgame KRN-KRN} Nd6 31. Rg2 Rh1+ 32. Kd2 Rb1
33. Kd3 Rd1+ 34. Rd2 Re1 35. Re2 Rd1+ 36. Kc2 Ra1 37. a3 a5 38. Nd3 Rf1 39. Rf2
Rh1 40. Re2 Rf1 {The position is equal.} 41. Ne1 (41. f4 {is interesting.} Nf5
42. b3 Rh1 43. Nb2 Ra1 44. a4) 41... Nf5 42. Kd2 Nh4 43. f4 Rh1 44. e4 dxe4 45.
Rxe4 Nf5 46. Nd3 Rh2+ 47. Re2 Rxe2+ 48. Kxe2 {KN-KN} Kd6 49. Ne5 {aiming for
Nc4+.} Nxd4+ 50. Kd3 Kd5 51. Nc4 Ne6 52. Ne3+ Kd6 53. Ke4 {Threatening Nc4+.}
Nc5+ 54. Kf5 Nd3 55. b3 Kc5 56. Nc2 a4 57. bxa4 Kc4 58. Nb4 (58. a5 {looks
sharper.} Kc3 59. Nb4 c5 60. Nd5+ Kb3 61. Ke6) 58... c5 59. Nxd3 Kxd3 {K3P-KPP}
60. Ke5 c4 61. f5 c3 62. f6 c2 63. f7 c1=Q 64. f8=Q {KQ-KQ} Qb2+ (64... Qc3+ {
with more complications.} 65. Kf5 Qa5+ 66. Ke6 Qxa4 67. Qf1+ Kd2) 65. Ke6 Qb3+
66. Ke5 Qc3+ 67. Ke6 Qc4+ 68. Kd6 {[#] And now Qf1+ would win.} Qc6+ 69. Ke5
Qc3+ 70. Ke6 Qb3+ 71. Ke5 Kc3 72. Qf3+ {Weighted Error Value: White=0.07/
Black=0.03} 1/2-1/2

[Event "23rd ETCC Open 2021"]
[Site "Catez"]
[Date "2021.11.13"]
[Round "2.35"]
[White "Ter-Sahakyan, Samvel"]
[Black "Hauge, Lars Oskar"]
[Result "1/2-1/2"]
[WhiteElo "2615"]
[BlackElo "2490"]
[Annotator "TA"]
[PlyCount "128"]
[EventDate "2021.11.08"]
[EventType "team-tourn"]
[EventCountry "SLO"]
[SourceTitle "playchess.com"]
[Source "ChessBase"]
[SourceQuality "1"]
[WhiteTeam "Armenia"]
[BlackTeam "Norway"]
[WhiteTeamCountry "ARM"]
[BlackTeamCountry "NOR"]

{[%evp 25,128,35,45,46,45,50,50,44,60,63,69,37,43,43,64,65,58,58,59,53,48,58,
58,57,55,55,55,43,62,58,77,54,51,43,48,48,48,48,48,48,48,48,42,39,45,40,79,32,
67,65,67,9,8,8,8,3,8,8,8,8,8,0,0,0,17,17,17,17,17,17,26,8,7,7,8,8,8,8,8,0,8,0,
0,0,17,0,0,0,17,17,17,17,17,17,17,17,17,17,17,17,17,8,8,8,8]} 1. e4 c5 2. Nf3
d6 3. d4 cxd4 4. Nxd4 Nf6 5. Nc3 g6 6. Be3 Bg7 7. f3 O-O 8. Qd2 Nc6 9. O-O-O d5
10. exd5 Nxd5 11. Nxc6 bxc6 12. Bd4 e5 13. Bc5 Re8 14. Ne4 {B76: Sicilian
Dragon: Yugoslav Attack, 9 g4 and 9 0-0-0.} Qc7 {14...Be6 is vanishing.} 15. h4
f5 16. Nd6 {White is slightly better.} Rd8 17. Nxc8 Raxc8 18. h5 Nb6 $1 19.
Bxb6 Rxd2 20. Bc4+ Kf8 21. Bxc7 Rxd1+ 22. Rxd1 Bh6+ 23. Kb1 Rxc7 24. hxg6 hxg6
$14 {[%mdl 4096] Endgame KRB-KRB} 25. Rd6 Kg7 {[#]} 26. Re6 $146 ({Predecessor:
} 26. b4 Bf4 27. Re6 Rb7 28. a3 a5 29. Kb2 axb4 30. a4 Ra7 31. Kb3 c5 32. Bb5 {
1-0 (59) Swiercz,D (2647)-Naroditsky,D (2623) Saint Louis 2021}) 26... Bg5 27.
a4 Bf6 28. Ka2 c5 29. a5 Re7 30. Rc6 e4 31. fxe4 fxe4 32. Rxc5 e3 {Black wants
to play ...e2.} 33. Be2 Rd7 34. Rc6 Rd2 35. Bd3 Rxg2 36. Kb3 ({Of course not} 
36. Rc7+ Kf8 $11) 36... e2 37. Re6 Rg5 38. Rxe2 (38. a6 $1 $14) 38... Rxa5 $11
39. c3 Re5 40. Rh2 Rh5 41. Rg2 Rg5 42. Rd2 Re5 43. Kc4 g5 44. Rh2 g4 45. Rh7+
Kf8 46. Rxa7 Re1 47. Bg6 Be7 {[#] White must now prevent ...g3.} 48. b4 (48.
Rd7 {seems wilder.} g3 49. Rd2 Bg5 50. Rg2 Bf4 51. Bf5) 48... g3 {Strongly
threatening ...g2.The position is equal.} 49. Ra2 Bf6 50. Rg2 Re3 51. Bd3 Ke7
52. Rc2 Kd6 53. Ra2 Kc7 54. Ra8 Re7 55. Ra2 Re3 56. Ra8 Re7 57. Rg8 Rg7 58.
Rxg7+ Bxg7 {KB-KB} 59. Be4 Kb6 60. Kb3 Bf8 61. Bg2 Be7 62. c4 Bd6 63. c5+ Bxc5
$1 64. bxc5+ Kxc5 {Weighted Error Value: White=0.05/Black=0.04} 1/2-1/2

[Event "23rd ETCC Open 2021"]
[Site "Catez"]
[Date "2021.11.13"]
[Round "2.36"]
[White "Notkevich, Benjamin Arvola"]
[Black "Gabuzyan, Hovhannes"]
[Result "1-0"]
[WhiteElo "2471"]
[BlackElo "2598"]
[Annotator "ChessBase"]
[PlyCount "105"]
[EventDate "2021.11.08"]
[EventType "team-tourn"]
[EventCountry "SLO"]
[SourceTitle "playchess.com"]
[Source "ChessBase"]
[SourceQuality "1"]
[WhiteTeam "Norway"]
[BlackTeam "Armenia"]
[WhiteTeamCountry "NOR"]
[BlackTeamCountry "ARM"]
[TimeControl "40/5400+30:1800+30"]

1. e4 c5 2. Nf3 d6 3. d4 cxd4 4. Nxd4 Nf6 5. Nc3 a6 6. Bg5 e6 7. f4 Qb6 8. Qd2
Nc6 9. O-O-O Qxd4 10. Qxd4 Nxd4 11. Rxd4 Bd7 12. Be2 Bc6 13. Rhd1 Be7 14. Bf3
h6 15. Bxf6 gxf6 16. f5 h5 17. h4 Bf8 18. Kb1 Rd8 19. Ne2 Ke7 20. Nf4 Bh6 21.
Nxh5 Be3 22. R4d3 Bf2 23. fxe6 fxe6 24. Nf4 Be8 25. h5 Bf7 26. g4 Bg3 27. Ng2
Be5 28. Rb3 b5 29. Ne1 f5 30. Nd3 fxg4 31. Bxg4 Rdg8 32. Bf3 Bxh5 33. Bxh5 Rxh5
34. Nb4 Rg4 35. Nxa6 Rxe4 36. Rxb5 Reh4 37. c3 Rh1 38. Rxh1 Rxh1+ 39. Kc2 Rh2+
40. Kb3 Bf4 41. Nb4 e5 42. a4 Bc1 43. Nd3 Bd2 44. a5 e4 45. a6 Rh8 46. Nb4 e3
47. Kc2 Ra8 48. Rb7+ Ke6 49. a7 Be1 50. Nc6 e2 51. Rb8 Rxa7 52. Nxa7 Bh4 53.
Re8+ 1-0

[Event "23rd ETCC Open 2021"]
[Site "Catez"]
[Date "2021.11.13"]
[Round "2.37"]
[White "Toczek, Grzegorz"]
[Black "Giri, Anish"]
[Result "0-1"]
[WhiteElo "2296"]
[BlackElo "2774"]
[Annotator "TA"]
[PlyCount "52"]
[EventDate "2021.11.08"]
[EventType "team-tourn"]
[EventCountry "SLO"]
[SourceTitle "playchess.com"]
[Source "ChessBase"]
[SourceQuality "1"]
[WhiteTeam "Wales"]
[BlackTeam "Netherlands"]
[WhiteTeamCountry "WLS"]
[BlackTeamCountry "NED"]

{[%evp 14,52,36,22,19,13,49,24,31,35,62,27,31,0,29,-33,-34,-39,0,0,0,0,54,-42,
-35,-229,-219,-245,-224,-262,-257,-437,-419,-1368,-1379,-1372,-1363,-1548,
-1522,-1385,-1452]} 1. e4 c6 2. d4 d5 3. Nc3 dxe4 4. Nxe4 Nf6 5. Nxf6+ exf6 6.
c3 Bd6 7. Bd3 O-O 8. Qc2 Re8+ {B15: Caro-Kann: 3 Nc3: 3...g6 and 3...dxe4 4
Nxe4 Nf6 5 Nxf6+ exf6.} 9. Ne2 h5 (9... f5 $5) 10. Be3 Nd7 {[%cal Bb8d7,Bd7b6,
Bb6d5][%mdl 32] White has an edge.} 11. O-O-O b5 {[%cal Bb7b5,Bb5b4,Bb4c3,
Bc3b2][%mdl 32]} 12. Ng3 Nb6 13. Kb1 Nd5 14. Bc1 {[#]} (14. Nxh5 Bg4 $17) ({
Better is} 14. Bd2 $1 $11) 14... Rb8 $146 ({Predecessor:} 14... Nf4 15. Bxf4
Bxf4 16. Nxh5 Bd6 17. Rhe1 Bg4 18. Ng3 Bxd1 19. Rxd1 Bxg3 20. hxg3 Re7 {
1-0 (50) Guliyev,N (2538)-Alavi,S (2445) Europe Echecs INT 2021}) 15. Rde1 b4 {
Strongly threatening ...Rxe1.} 16. Rxe8+ ({But not} 16. Nxh5 $2 Rxe1 17. Rxe1
bxc3 $19) 16... Qxe8 17. Ne4 Bc7 (17... Be7 $11) 18. Re1 ({White should play} 
18. c4 $14 b3 19. Qe2 (19. axb3 Nb4 $11) 19... bxa2+ 20. Ka1) 18... Qd8 $15 19.
Qe2 $2 {This costs White the game.} (19. c4 $15 b3 20. Qe2 (20. axb3 Nb4 $17)
20... bxa2+ 21. Ka1) 19... bxc3 $19 20. Qxh5 {Ng5! would kill now.} cxb2 21.
Bd2 {[#] White threatens Ng5! and mate.} g6 $1 {[%cal Rg6h5]} 22. Qf3 (22. Qd1
{keeps fighting.}) 22... Ba5 {White must now prevent ...Bxd2.} 23. Bc2 (23. Qg3
$142 Rb7 24. Qd6) 23... Bxd2 {Black is clearly winning.} 24. Nxd2 Qa5 25. Re8+
Kg7 26. Nb3 Qa3 {Weighted Error Value: White=0.68/Black=0.11} 0-1

[Event "23rd ETCC Open 2021"]
[Site "Catez"]
[Date "2021.11.13"]
[Round "2.38"]
[White "Van Foreest, Lucas"]
[Black "Pleasants, Allan J"]
[Result "1-0"]
[WhiteElo "2532"]
[BlackElo "2001"]
[Annotator "ChessBase"]
[PlyCount "93"]
[EventDate "2021.11.08"]
[EventType "team-tourn"]
[EventCountry "SLO"]
[SourceTitle "playchess.com"]
[Source "ChessBase"]
[SourceQuality "1"]
[WhiteTeam "Netherlands"]
[BlackTeam "Wales"]
[WhiteTeamCountry "NED"]
[BlackTeamCountry "WLS"]
[TimeControl "40/5400+30:1800+30"]

1. e4 g6 2. d4 Bg7 3. Nc3 d6 4. Nf3 c6 5. Be3 Nf6 6. Qd2 b5 7. Bd3 O-O 8. Bh6
Nbd7 9. a4 Bb7 10. Bxg7 Kxg7 11. e5 dxe5 12. dxe5 Ng4 13. e6 Nde5 14. Nxe5 Nxe5
15. Qe3 Nxd3+ 16. cxd3 f5 17. O-O a6 18. Ne2 Qd6 19. Rfc1 Rad8 20. Qb6 Rb8 21.
axb5 cxb5 22. Qxd6 exd6 23. Rc7+ Kf6 24. Nd4 Ke5 25. e7 Rfe8 26. Nb3 Kf6 27.
Re1 Bd5 28. Na5 Rb6 29. f4 b4 30. Nc4 Bxc4 31. dxc4 a5 32. Ra7 a4 33. Rxa4 Rxe7
34. Rxe7 Kxe7 35. Kf2 d5 36. cxd5 Kd6 37. Ra5 b3 38. Ke3 h6 39. Kd3 g5 40. fxg5
hxg5 41. Kc4 f4 42. h3 Rb8 43. Ra6+ Ke5 44. Re6+ Kf5 45. Re2 g4 46. hxg4+ Kxg4
47. d6 1-0

[Event "23rd ETCC Open 2021"]
[Site "Catez"]
[Date "2021.11.13"]
[Round "2.39"]
[White "Garcia, Jason"]
[Black "Van Foreest, Jorden"]
[Result "0-1"]
[WhiteElo "2028"]
[BlackElo "2701"]
[Annotator "TA"]
[PlyCount "104"]
[EventDate "2021.11.08"]
[EventType "team-tourn"]
[EventCountry "SLO"]
[SourceTitle "playchess.com"]
[Source "ChessBase"]
[SourceQuality "1"]
[WhiteTeam "Wales"]
[BlackTeam "Netherlands"]
[WhiteTeamCountry "WLS"]
[BlackTeamCountry "NED"]

{[%evp 9,104,29,45,32,30,34,22,21,27,18,23,20,20,-8,-12,-22,-16,-8,0,-40,-43,
-40,-31,-102,-100,-94,-99,-98,-97,-129,-84,-92,-34,-129,-116,-121,-116,-113,
-113,-107,-20,-134,-138,-145,-128,-131,-146,-247,-263,-329,-302,-323,-252,-431,
-427,-473,-299,-647,-656,-704,-727,-724,-711,-700,-731,-712,-714,-690,-711,
-681,-681,-1435,-1433,-1420,-1278,-5281,-5023,-1049,-888,-29980,-29981,-29981,
-29982,-29984,-29981,-29981,-29982,-29982,-29983,-29983,-29984,-29984,-29985,
-29985,-29986,-29985,-29985]} 1. Nf3 d5 2. g3 Nd7 3. d4 Nb6 4. Bg2 Bf5 5. Nbd2
Nf6 6. O-O {D02: 1 d4 d5 2 Nf3 sidelines, including 2...Nf6 3 g3 and 2...Nf6 3
Bf4.} e6 7. c4 c6 8. b3 {The position is equal.} Be7 9. Bb2 h5 {[#]} 10. Re1
$146 ({Predecessor:} 10. cxd5 cxd5 11. a4 a5 12. Re1 h4 13. Nxh4 Bg4 14. Nhf3
Bxf3 15. exf3 g5 16. Qe2 {1/2-1/2 (66) Matamoros Franco,C (2525)-Riazantsev,A 
(2631) Chess.com INT 2020}) 10... Ne4 11. Nxe4 Bxe4 12. Nd2 Bxg2 13. Kxg2 dxc4
14. Nxc4 Bb4 15. Nd2 h4 16. a3 ({White should play} 16. e4 $15) 16... Bxd2 $17
17. Qxd2 Qd5+ 18. e4 Qxb3 19. Qc3 Qb5 20. Rab1 {With the idea d5.} O-O-O (20...
Qh5 $17 {White must now prevent ...hxg3.} 21. Bc1 Rd8) 21. Qc5 ({Better is} 21.
d5 $1 $15) 21... Qxc5 22. dxc5 Nc4 23. Bxg7 h3+ ({Inferior is} 23... Nxa3 24.
Bxh8 h3+ 25. Kh1 $14) 24. Kg1 Rh5 ({Don't play} 24... Nxa3 $6 25. Rb3 $11) ({
Black should try} 24... Rhg8 $17 25. Bf6 Rd3) 25. Rb3 {Black keeps a firm grip
on the game.} (25. Rbc1 $1 $11 Nxa3 26. Kf1) 25... Nd2 $36 {[%mdl 2048] White
is under strong pressure.} (25... Rxc5 26. Rc3 $17) 26. Rbe3 Rxc5 27. Bf6 Rg8
28. f4 {[#]} (28. Bc3 $17 Nc4 29. Rf3) 28... Rc2 $1 $19 29. e5 c5 30. Bg5 Nc4
31. Rd3 (31. Rf3 {was worth a try.}) 31... Nb2 32. Rde3 c4 {Strongly
threatening ...Nd3.} 33. g4 $2 (33. R3e2 Rxe2 34. Rxe2) 33... Nd3 34. Rf1 Rg2+
35. Kh1 Nf2+ 36. Rxf2 Rxf2 {[%cal Rf2f1]} 37. Rxh3 {[%mdl 4096] Endgame KRR-KRB
} b5 38. Rc3 Kd7 39. h4 a5 40. a4 b4 41. Rxc4 Rc8 42. Rd4+ Ke8 {( -> ...Rc1+)}
43. Rd1 b3 {Threatens to win with ...Rfc2.} 44. h5 b2 {Black mates.} 45. f5
Rfc2 46. h6 Rc1 47. Bxc1 Rxc1 48. h7 Rxd1+ {KR-KP} 49. Kg2 {[#]} Rh1 $3 {
[%mdl 576] Decoy, Promotion} 50. Kxh1 b1=Q+ {[%mdl 64] Double Attack} 51. Kg2
Qe4+ 52. Kf2 Qxe5 {Weighted Error Value: White=0.65/Black=0.11} 0-1

[Event "23rd ETCC Open 2021"]
[Site "Catez"]
[Date "2021.11.13"]
[Round "2.40"]
[White "Van den Doel, Erik"]
[Black "Davis, Lee"]
[Result "1-0"]
[WhiteElo "2594"]
[BlackElo "1972"]
[Annotator "ChessBase"]
[PlyCount "75"]
[EventDate "2021.11.08"]
[EventType "team-tourn"]
[EventCountry "SLO"]
[SourceTitle "playchess.com"]
[Source "ChessBase"]
[SourceQuality "1"]
[WhiteTeam "Netherlands"]
[BlackTeam "Wales"]
[WhiteTeamCountry "NED"]
[BlackTeamCountry "WLS"]
[TimeControl "40/5400+30:1800+30"]

1. e4 c6 2. Nf3 g6 3. d4 Bg7 4. h3 d6 5. Bd3 Nd7 6. O-O Qc7 7. c4 e5 8. d5 Ne7
9. Nc3 O-O 10. Be3 a6 11. Rb1 c5 12. b4 b6 13. Qc1 cxb4 14. Rxb4 Nc5 15. Bc2
Bd7 16. Qb2 Rfb8 17. Rb1 Nc8 18. Qc1 Be8 19. Ne1 f6 20. R4b2 Bf8 21. Nd3 Bd7
22. Nxc5 dxc5 23. Ba4 Bd6 24. Qd1 Bxa4 25. Nxa4 Rb7 26. h4 Rab8 27. h5 Kg7 28.
Qg4 b5 29. cxb5 axb5 30. Nxc5 Bxc5 31. h6+ Kf8 32. Rc1 Bxe3 33. Rxc7 Rxc7 34.
fxe3 Nd6 35. Qe6 Rc1+ 36. Kh2 Nxe4 37. d6 Re8 38. Qd7 1-0

[Event "23rd ETCC Open 2021"]
[Site "Catez"]
[Date "2021.11.13"]
[Round "2.41"]
[White "Jobava, Baadur"]
[Black "Adams, Michael"]
[Result "1/2-1/2"]
[WhiteElo "2582"]
[BlackElo "2714"]
[Annotator "TA"]
[PlyCount "84"]
[EventDate "2021.11.08"]
[EventType "team-tourn"]
[EventCountry "SLO"]
[SourceTitle "playchess.com"]
[Source "ChessBase"]
[SourceQuality "1"]
[WhiteTeam "Georgia"]
[BlackTeam "England"]
[WhiteTeamCountry "GEO"]
[BlackTeamCountry "ENG"]

{[%evp 11,84,6,6,0,0,0,0,0,14,18,17,21,21,6,15,-16,0,-20,17,12,25,8,9,16,5,12,
0,4,35,30,36,28,24,25,34,20,55,29,60,0,48,53,57,52,49,0,7,0,48,38,48,34,48,50,
45,41,42,25,37,0,0,0,288,285,275,279,264,252,318,312,5014,2226,2012,1364,828]} 
1. e4 e5 2. Nf3 Nc6 3. Bc4 Bc5 4. c3 Nf6 5. d4 exd4 6. e5 d5 $1 {[%cal Rd5c4]}
7. Be2 {C54: Giuoco Piano: 4 c3 Nf6, main lines with 5 d4 and 5 d3.} Ne4 8.
cxd4 Bb4+ 9. Bd2 {The position is equal.} Bxd2+ 10. Nbxd2 O-O 11. O-O Bf5 12.
Rc1 {[#]} Qe7 $146 ({Predecessor:} 12... f6 13. Bb5 Bg4 14. Bxc6 bxc6 15. Qc2
Nxd2 16. Nxd2 fxe5 17. dxe5 Qg5 18. Qc3 Rae8 {0-1 (36) Zacharia,A (1334)
-Mihailidou,M (1530) Achaia 2016}) 13. Nb3 f6 {[%cal Rf6e5]} 14. Re1 Kh8 15.
Bb5 Nd8 16. exf6 Qxf6 17. Ne5 ({Don't go for} 17. Rxc7 $2 Qb6 $19) 17... c6 18.
Bf1 Nf7 19. f3 Ned6 20. Rc3 Rae8 {[%cal Rf7e5]} 21. Rce3 Qd8 22. Qc1 Kg8 23.
Qc5 Nc8 24. a3 h5 25. Qb4 (25. a4 $14) 25... Qb6 26. Qc3 Nxe5 27. dxe5 Ne7 28.
e6 {next Nc5 is good for White.} Rf6 29. Nc5 {[#] Black must now prevent Nd7.}
Rh6 30. b4 Qc7 31. Re5 Rf6 32. Bd3 Bxd3 $1 33. Qxd3 {aiming for Nd7.} Ng6 $1 {
[%cal Rg6e5]} 34. Rxh5 b6 35. Nd7 Rfxe6 36. Nf6+ $1 gxf6 $4 {[%mdl 8192]} (
36... Kf7 $11 {and Black stays safe.} 37. Nxe8 (37. Rxe6 Rxe6 38. Ng4 Qe7 $11)
37... Rxe1+ 38. Kf2 Rxe8 39. Qf5+ Ke7 40. Qxg6 Kd8) 37. Rxe6 $18 ({Less strong
is} 37. Qxg6+ Qg7 $16) 37... Rxe6 38. Qxg6+ $11 {KQR-KQR} Qg7 {[#]} 39. Qf5 {
[%cal Rf5e6]} Re1+ 40. Kf2 Re2+ (40... Re8 41. b5 c5 42. Qxd5+ Kf8) 41. Kxe2
$18 Qxg2+ 42. Kd3 {Qc8+ would kill now.} Qf1+ {[%mdl 32768] Weighted Error
Value: White=0.09/Black=0.27. An unexpected result.} 1/2-1/2